000 00835nam a2200265 i 4500
001 bg
100 1 _aJEFFREYS, Harold
245 1 0 _aMethods of mathematical physics /
_cby Harrol Jeffreys and Bertha Swirles Jeffreys.
250 _a3rd ed.
260 _aCambridge :
_bUniversity Press,
_c1972, repr.1999.
300 _aVIII, 718 s. :
_bwykr. ;
_c24 cm.
490 1 _aCambridge Mathematical Library
500 _aEgz. uszk. Brak stron: 632,633,636,637,639,640,645,646,648,649,652,653,656,657,660,661.
504 _aIndeks.
650 9 _aFizyka
_xmatematyka
_xmetody
700 1 _aSWIRLES JEFFREYS, Bertha
830 _aCambridge Mathematical Library
020 _a0521664020
040 _cBPK
041 0 _aen
080 _a53:51
920 _a0-521-66402-0
942 _cKS
008 s pl f |000 0 pol
999 _c36431
_d36431
856 _uhttp://koha.tu.koszalin.pl/cgi-bin/koha/opac-detail.pl?biblionumber=36431
_yKatalog online BPK